| 000 | 00568nam a2200193 i 4500 | ||
|---|---|---|---|
| 001 | 43143 | ||
| 003 | ES-MaACL | ||
| 005 | 20250911062826.0 | ||
| 007 | t| | ||
| 008 | 030317s1975 sp ||||1| spa d | ||
| 100 | 1 |
_aCelaya, Gabriel, _d1911-1991 _937346 |
|
| 245 | 1 | 3 |
_aLa hija de Arbigorriya / _cGabriel Celaya. |
| 260 |
_aMadrid : _b[Alberto Corazón], _c1975. |
||
| 300 |
_a92 p. ; _c19 cm. |
||
| 490 | 1 |
_aColección Visor de poesía ; _v57 |
|
| 830 | 0 |
_aColección Visor de poesía _v57 _9177331 |
|
| 852 |
_aES-MaACL _jE-8024 _bR.92407 |
||
| 999 |
_c43143 _d43143 |
||